[Event "24th ch-EUR Indiv 2024"]
[Site "Petrovac MNE"]
[Date "2024.11.11"]
[Round "4.29"]
[White "Agdelen, Huseyin Can"]
[Black "Yilmaz, Mustafa"]
[Result "1/2-1/2"]
[WhiteTitle "IM"]
[BlackTitle "GM"]
[WhiteElo "2407"]
[BlackElo "2568"]
[WhiteFideId "6352260"]
[BlackFideId "6302718"]
[EventDate "2024.11.08"]

1. e4 c6 2. d4 d5 3. exd5 cxd5 4. c4 Nf6 5. Nc3 Nc6 6. Nf3 a6 7. h3 Bf5 8. c5 b6
9. Ne5 Bd7 10. Nxd7 Nxd7 1/2-1/2

[Event "24th ch-EUR Indiv 2024"]
[Site "Petrovac MNE"]
[Date "2024.11.11"]
[Round "4.30"]
[White "Sargsyan, Shant"]
[Black "Kuru, Atilla"]
[Result "1-0"]
[WhiteTitle "GM"]
[BlackTitle "FM"]
[WhiteElo "2655"]
[BlackElo "2371"]
[WhiteFideId "13306766"]
[BlackFideId "51607948"]
[EventDate "2024.11.08"]

1. e4 e6 2. d4 d5 3. Nc3 Nf6 4. e5 Nfd7 5. f4 c5 6. Nf3 Nc6 7. Be3 a6 8. a3 b5
9. Bd3 cxd4 10. Nxd4 Nxd4 11. Bxd4 Bc5 12. Ne2 O-O 13. c3 f6 14. exf6 Bxd4 15.
Nxd4 Qxf6 16. O-O e5 17. fxe5 Qxe5 18. Rxf8+ Nxf8 19. Qf3 Bg4 20. Bxh7+ Nxh7 21.
Qxg4 Qe3+ 22. Kh1 Re8 23. h3 Qe4 24. Qxe4 dxe4 25. Kg1 Nf6 26. a4 e3 27. axb5
axb5 28. Nxb5 Nd5 29. g3 Rb8 30. c4 Nb4 31. Re1 Re8 32. Nc7 Re4 33. Nd5 Rxc4 34.
Nxb4 Rxb4 35. Re2 Kf7 36. Kg2 Kf6 37. Kf3 Rb3 38. Ke4 Ke6 39. Kd4 Kf5 40. Kc4
Rb8 41. Kd3 g5 42. Kxe3 Rh8 43. g4+ Ke5 44. Kd2+ Kf4 45. Re3 Rb8 46. b3 Rd8+ 47.
Rd3 1-0

[Event "24th ch-EUR Indiv 2024"]
[Site "Petrovac MNE"]
[Date "2024.11.11"]
[Round "4.31"]
[White "Van Foreest, Jorden"]
[Black "Gharibyan, Mamikon"]
[Result "1-0"]
[WhiteTitle "GM"]
[BlackTitle "GM"]
[WhiteElo "2687"]
[BlackElo "2462"]
[WhiteFideId "1039784"]
[BlackFideId "13308300"]
[EventDate "2024.11.08"]

1. e4 e5 2. Nf3 Nc6 3. Bb5 a6 4. Ba4 Nf6 5. O-O Be7 6. d3 b5 7. Bb3 d6 8. a4 Bd7
9. Nc3 Na5 10. Ba2 b4 11. Ne2 c5 12. Ng3 O-O 13. h3 b3 14. Bxb3 Nxb3 15. cxb3
Rb8 16. Bd2 Qb6 17. b4 cxb4 18. d4 exd4 19. Bf4 Rfe8 20. Nxd4 Bf8 21. Qd3 g6 22.
Rfe1 Rbc8 23. Nf3 a5 24. Bg5 d5 25. exd5 Rxe1+ 26. Rxe1 h6 27. Bxf6 Qxf6 28. b3
Qc3 29. Qd1 Bg7 30. Re7 Rd8 31. Ne4 Qb2 32. d6 Bc6 33. d7 Bf8 34. Ne5 Bxe7 35.
Nxc6 Bh4 36. g3 Rxd7 37. Qxd7 Qxb3 38. Qe8+ Kg7 39. gxh4 1-0

[Event "24th ch-EUR Indiv 2024"]
[Site "Petrovac MNE"]
[Date "2024.11.11"]
[Round "4.32"]
[White "Wadsworth, Matthew J"]
[Black "Navara, David"]
[Result "1/2-1/2"]
[WhiteTitle "IM"]
[BlackTitle "GM"]
[WhiteElo "2461"]
[BlackElo "2674"]
[WhiteFideId "415804"]
[BlackFideId "309095"]
[EventDate "2024.11.08"]

1. Nf3 d5 2. g3 Nd7 3. d4 Nb6 4. Nbd2 Bf5 5. Nh4 e6 6. Nxf5 exf5 7. Bg2 c6 8. a4
a5 9. Nf3 Nf6 10. Bf4 Be7 11. Qc1 Ne4 12. h4 O-O 13. O-O Re8 14. c3 Rc8 15. Nd2
Qd7 16. Bh3 c5 17. Nxe4 dxe4 18. dxc5 Bxc5 19. Rd1 Qe6 20. Be3 g6 21. Bxc5 Rxc5
22. e3 Rd5 23. Rxd5 Qxd5 24. Bf1 Rd8 25. b4 Rc8 26. Qd1 Qxd1 27. Rxd1 Nxa4 28.
bxa5 Kf8 29. Rd4 Nxc3 30. Rd7 Rc5 31. Rxb7 Rxa5 32. Bc4 Nd5 33. Bxd5 Rxd5 34.
Kg2 Rd6 35. Ra7 Kg7 36. Rb7 Kf6 37. Ra7 Rc6 38. Rb7 Ra6 39. Rc7 Rd6 40. Ra7 h6
41. Rb7 g5 42. hxg5+ hxg5 43. Ra7 Kg6 44. Ra5 Rd2 45. Kg1 Rd3 46. Ra4 Rd6 47.
Kg2 Kh5 48. Ra7 Rf6 49. Re7 Kg6 50. Re5 Re6 51. Ra5 Rc6 52. Rb5 Rc2 53. Rb4 f6
54. Ra4 Kh5 55. Ra5 Kg4 56. Ra6 f4 57. gxf4 gxf4 58. Rxf6 f3+ 59. Kg1 Rc8 60.
Rf7 Rg8 61. Kh2 Rh8+ 62. Kg1 Kh3 63. Rg7 Ra8 64. Rh7+ Kg4 65. Rf7 Rh8 66. Rf6
Kh3 67. Rg6 Ra8 68. Rh6+ Kg4 69. Rf6 Rg8 70. Kh2 Rh8+ 71. Kg1 Kh4 72. Rg6 Ra8
73. Re6 Rg8+ 74. Kh1 Kh3 75. Rh6+ Kg4 76. Rf6 Rh8+ 77. Kg1 Kh3 78. Rg6 Rh5 79.
Rg8 Ra5 80. Rh8+ Kg4 81. Rf8 Rf5 82. Rxf5 Kxf5 83. Kh2 Kg4 84. Kg1 Kh3 85. Kh1
Kh4 1/2-1/2

[Event "24th ch-EUR Indiv 2024"]
[Site "Petrovac MNE"]
[Date "2024.11.11"]
[Round "4.33"]
[White "Babazada, Khazar"]
[Black "Bacrot, Etienne"]
[Result "1/2-1/2"]
[WhiteTitle "IM"]
[BlackTitle "GM"]
[WhiteElo "2459"]
[BlackElo "2653"]
[WhiteFideId "13413554"]
[BlackFideId "605506"]
[EventDate "2024.11.08"]

1. e4 c5 2. Nf3 e6 3. d4 cxd4 4. Nxd4 Nc6 5. Nc3 Qc7 6. f4 a6 7. Nxc6 bxc6 8.
Bd3 d5 9. Qe2 Nf6 10. O-O Be7 11. Bd2 O-O 12. Rae1 g6 13. Kh1 dxe4 14. Nxe4 Nxe4
15. Bxe4 Bf6 16. Qc4 Bb7 1/2-1/2

[Event "24th ch-EUR Indiv 2024"]
[Site "Petrovac MNE"]
[Date "2024.11.11"]
[Round "4.34"]
[White "Ponomariov, Ruslan"]
[Black "Fromm, Marius"]
[Result "1/2-1/2"]
[WhiteTitle "GM"]
[BlackTitle "IM"]
[WhiteElo "2653"]
[BlackElo "2452"]
[WhiteFideId "14103320"]
[BlackFideId "12993190"]
[EventDate "2024.11.08"]

1. Nf3 Nf6 2. g3 g6 3. Bg2 Bg7 4. c4 O-O 5. Nc3 c5 6. O-O Nc6 7. d4 d6 8. dxc5
dxc5 9. Bf4 Nh5 10. Bg5 b6 11. Ne5 Bxe5 12. Qxd8 Rxd8 13. Bxc6 Bh3 14. Bxe7 Bxf1
15. Kxf1 Rac8 16. Bxd8 Rxd8 17. Bd5 Nf6 18. e4 Kg7 19. a4 g5 20. Ra3 Re8 21. f3
g4 22. Kg2 h5 23. a5 bxa5 24. Rxa5 Bxc3 25. bxc3 Rb8 26. e5 Rb2+ 27. Kf1 Nxd5
28. cxd5 gxf3 29. Rxc5 Kg6 30. d6 Rd2 31. c4 f6 32. exf6 Rxd6 33. f7 Rf6 34. Kf2
Rxf7 35. Ra5 h4 36. c5 hxg3+ 37. hxg3 Kf5 38. Kxf3 Ke5+ 39. Kg2 Rg7 40. Ra1 Kd5
41. Rc1 Rc7 42. Kf3 Rxc5 43. Rxc5+ Kxc5 44. Ke4 a5 45. g4 a4 46. Kd3 a3 47. Kc3
Kd5 48. Kb3 Ke5 49. Kxa3 Kf4 50. g5 Kxg5 1/2-1/2

[Event "24th ch-EUR Indiv 2024"]
[Site "Petrovac MNE"]
[Date "2024.11.11"]
[Round "4.35"]
[White "Willow, Jonah B"]
[Black "Warmerdam, Max"]
[Result "0-1"]
[WhiteTitle "IM"]
[BlackTitle "GM"]
[WhiteElo "2454"]
[BlackElo "2653"]
[WhiteFideId "438804"]
[BlackFideId "1048104"]
[EventDate "2024.11.08"]

1. e4 c5 2. Nf3 e6 3. d4 cxd4 4. Nxd4 a6 5. Bd3 Bc5 6. Nb3 Be7 7. c4 d6 8. O-O
Nf6 9. Nc3 Nbd7 10. f4 b6 11. Qf3 Bb7 12. Be3 h5 13. h3 h4 14. Rfd1 Nh5 15. Qf2
Ng3 16. a4 Nc5 17. Nxc5 bxc5 18. e5 dxe5 19. Bxc5 exf4 20. Be4 Qc7 21. Bxe7 Qxe7
22. Bxb7 Qxb7 23. Qxf4 O-O 24. Qxh4 Nf5 25. Qf2 Rfc8 26. c5 Rc7 27. a5 Re8 28.
Na4 Qb5 29. Qf4 Rb7 30. Qe4 Rbb8 31. Qe1 e5 32. Qf1 Nd4 33. Qxb5 Rxb5 34. Ra3
Reb8 35. Nb6 Rb7 36. Re3 Rxc5 37. b4 Rb5 38. Nc4 Rxb4 39. Nxe5 f6 40. Nf3 Nxf3+
41. Rxf3 Ra4 42. Rd5 Rb5 43. Rd8+ Kh7 44. Rd7 Ra1+ 45. Kh2 Rg5 46. h4 Rg6 47.
Rd5 Rg4 48. Kh3 Rga4 49. Rff5 Rh1+ 50. Kg3 Rhxh4 51. Rd6 Rhg4+ 52. Kh3 Rh4+ 53.
Kg3 Rag4+ 54. Kf3 Rg6 55. Rxa6 Rh2 56. Ra7 Kh6 57. g4 Rh3+ 58. Kf4 Rh4 59. Rh5+
Rxh5 60. gxh5 Kxh5 61. a6 Rg1 62. Rb7 g5+ 63. Kf5 Rf1+ 64. Ke6 Kg6 65. Rb6 g4
66. Rb4 Re1+ 67. Kd7 Ra1 68. Rxg4+ Kh5 69. Rg2 Rxa6 70. Rf2 Kg4 71. Rg2+ Kf3 72.
Rg6 Kf4 73. Rg1 f5 74. Rf1+ Ke5 75. Re1+ Kf6 76. Rf1 Ra4 77. Kd6 f4 78. Kd5 Kf5
79. Rh1 f3 80. Rh8 Kg4 0-1

[Event "24th ch-EUR Indiv 2024"]
[Site "Petrovac MNE"]
[Date "2024.11.11"]
[Round "4.36"]
[White "Pichot, Alan"]
[Black "Levin, Guy"]
[Result "1-0"]
[WhiteTitle "GM"]
[BlackTitle "IM"]
[WhiteElo "2649"]
[BlackElo "2445"]
[WhiteFideId "110973"]
[BlackFideId "2824213"]
[EventDate "2024.11.08"]

1. e4 c6 2. d4 d5 3. e5 Bf5 4. Nf3 e6 5. Be2 Ne7 6. c3 Ng6 7. O-O f6 8. Be3 Nd7
9. Nbd2 fxe5 10. dxe5 c5 11. b4 Be7 12. bxc5 Bg4 13. Qa4 Bxf3 14. Nxf3 Kf7 15.
Rad1 Nxc5 16. Qg4 Qc8 17. c4 Rd8 18. cxd5 exd5 19. Qh5 Kg8 20. Nd4 Rf8 21. Bg4
Qe8 22. Ne6 Nxe6 23. Bxe6+ Kh8 24. Bxd5 Qa4 25. Rd4 Qa6 26. Rg4 1-0

[Event "24th ch-EUR Indiv 2024"]
[Site "Petrovac MNE"]
[Date "2024.11.11"]
[Round "4.37"]
[White "Ivanchuk, Vasyl"]
[Black "Sedlak, Nikola"]
[Result "0-1"]
[WhiteTitle "GM"]
[BlackTitle "GM"]
[WhiteElo "2640"]
[BlackElo "2444"]
[WhiteFideId "14100010"]
[BlackFideId "922900"]
[EventDate "2024.11.08"]

1. c4 e6 2. Nc3 d5 3. d4 h6 4. Nf3 Nf6 5. e3 a6 6. b3 b6 7. Bb2 Bb7 8. g3 Nbd7
9. Bg2 Bd6 10. O-O O-O 11. Nd2 Rb8 12. Qe2 c5 13. dxc5 bxc5 14. Rfd1 Qe7 15.
Rac1 Rfd8 16. Nf1 Nb6 17. e4 d4 18. e5 Bxe5 19. Qxe5 Bxg2 20. Kxg2 Nxc4 21. Qe2
Nxb2 22. Qxb2 dxc3 23. Qxc3 Ne4 24. Qe3 Rxd1 25. Rxd1 Nf6 26. Qe2 Qb7+ 27. Kg1
Qb5 28. Rd2 Qxe2 29. Rxe2 Nd5 30. Ne3 Nxe3 31. Rxe3 Kf8 32. Rc3 Rc8 33. Kf1 Ke7
34. Ke2 Kd6 35. Rc4 Kc6 36. Rf4 Rc7 37. g4 Rd7 38. Ke3 a5 39. h4 f6 40. Ra4 Kb5
41. f4 Rd4 42. Rxd4 cxd4+ 43. Kxd4 Kb4 44. g5 Ka3 45. Kc4 e5 0-1

[Event "24th ch-EUR Indiv 2024"]
[Site "Petrovac MNE"]
[Date "2024.11.11"]
[Round "4.38"]
[White "Schneider, Ilja"]
[Black "Sargissian, Gabriel"]
[Result "0-1"]
[WhiteTitle "IM"]
[BlackTitle "GM"]
[WhiteElo "2451"]
[BlackElo "2640"]
[WhiteFideId "4663306"]
[BlackFideId "13300881"]
[EventDate "2024.11.08"]

1. e4 e5 2. Nf3 Nc6 3. Bc4 Nf6 4. d3 Bc5 5. c3 d6 6. O-O O-O 7. Re1 a6 8. a4 Ba7
9. h3 h6 10. Nbd2 Qe7 11. Nf1 Be6 12. b3 Rfe8 13. Be3 Na5 14. Bxe6 Qxe6 15. b4
Nc6 16. Qc2 Bxe3 17. Nxe3 a5 18. b5 Ne7 19. c4 b6 20. d4 Nd7 21. Nd5 Rac8 22.
Ra3 c6 23. bxc6 Nxc6 24. Qb2 exd4 25. Nxd4 Qe5 26. Rd1 Nxd4 27. Qxd4 Qxe4 28.
Qa1 Qe5 29. Qb1 Rxc4 30. Re3 Re4 31. f4 Qh5 32. Rxe4 Rxe4 33. g4 Qxh3 34. Qxe4
Qxg4+ 35. Kh2 Qxd1 36. Ne7+ Kf8 37. Nf5 0-1

[Event "24th ch-EUR Indiv 2024"]
[Site "Petrovac MNE"]
[Date "2024.11.11"]
[Round "4.39"]
[White "Camlar, Arda"]
[Black "Rodshtein, Maxim"]
[Result "1/2-1/2"]
[WhiteTitle "FM"]
[BlackTitle "GM"]
[WhiteElo "2445"]
[BlackElo "2636"]
[WhiteFideId "44576692"]
[BlackFideId "2806851"]
[EventDate "2024.11.08"]

1. Nf3 c5 2. c4 Nc6 3. Nc3 g6 4. g3 Bg7 5. Bg2 d6 6. d3 e6 7. O-O Nge7 8. e4 a6
9. Be3 Nd4 10. Qd2 h6 11. Ne1 Rb8 12. Rc1 b5 13. b3 Bd7 14. Ne2 Nec6 15. f4 O-O
16. Nf3 a5 17. e5 dxe5 18. Nxe5 Nxe2+ 19. Qxe2 Nxe5 20. fxe5 bxc4 21. dxc4 Qc7
22. Qf2 Rbc8 23. Rcd1 Be8 24. Bd2 a4 25. b4 cxb4 26. Bxb4 Qxc4 27. Bxf8 Bxf8 28.
Kh1 Bg7 29. Qb2 Qa6 30. Rc1 a3 31. Qb7 Qxb7 32. Bxb7 Rb8 33. Bc6 Bxc6+ 34. Rxc6
Bxe5 35. Ra6 Bb2 36. Ra7 Rf8 37. g4 g5 38. Kg2 Kg7 39. Kf3 Kg6 40. h3 Rc8 41.
Ke2 f6 42. Rd1 h5 43. Rdd7 hxg4 44. hxg4 f5 45. Rd6 fxg4 46. Rxe6+ Kf5 47. Re3
Rc2+ 48. Kf1 Bd4 49. Raxa3 Bxe3 50. Rxe3 Kf4 51. Rb3 g3 52. Kg1 Kg4 53. Rb8 Rxa2
54. Rc8 g2 55. Rc3 Re2 56. Ra3 Kf4 57. Rb3 1/2-1/2

[Event "24th ch-EUR Indiv 2024"]
[Site "Petrovac MNE"]
[Date "2024.11.11"]
[Round "4.40"]
[White "Santos Latasa, Jaime"]
[Black "Saraci, Nderim"]
[Result "1-0"]
[WhiteTitle "GM"]
[BlackTitle "IM"]
[WhiteElo "2630"]
[BlackElo "2439"]
[WhiteFideId "2293307"]
[BlackFideId "6351921"]
[EventDate "2024.11.08"]

1. e4 e5 2. Nf3 Nc6 3. Bc4 Bc5 4. d3 Nf6 5. Bg5 h6 6. Bh4 Be7 7. Bg3 d6 8. a4
O-O 9. O-O Na5 10. Ba2 c5 11. c3 Be6 12. Bxe6 fxe6 13. Nbd2 Nh5 14. b4 Nxg3 15.
hxg3 cxb4 16. cxb4 Nc6 17. b5 Na5 18. Nb3 Nxb3 19. Qxb3 Qd7 20. d4 exd4 21. Nxd4
d5 22. Rad1 Bf6 23. Ne2 d4 24. Nf4 Rfe8 25. Rfe1 Bd8 26. e5 Rc8 27. Rd3 Bb6 28.
Red1 Qe7 29. a5 Bc5 30. Rf3 b6 31. a6 Qd7 32. Qd3 Rf8 33. Qg6 Qe8 34. Qg4 Qd7
35. Qg6 Qe8 36. Qe4 Qd7 37. Rb1 Rce8 38. Rbb3 Be7 39. Nh5 Bc5 40. Qg6 Kh8 41. g4
Rxf3 42. Rxf3 Rf8 43. Rxf8+ Bxf8 44. Nf4 Bc5 45. Qxe6 Qxb5 46. Qc8+ Kh7 47. Qf5+
Kg8 48. e6 Qe8 49. Qd5 Kh7 50. Qd7 Qf8 51. g3 Qd6 52. Nd3 Ba3 53. Qxa7 Qxe6 54.
Qb7 1-0

[Event "24th ch-EUR Indiv 2024"]
[Site "Petrovac MNE"]
[Date "2024.11.11"]
[Round "4.41"]
[White "Durarbayli, Vasif"]
[Black "Garcia Ramos, Daniel"]
[Result "1/2-1/2"]
[WhiteTitle "GM"]
[BlackTitle "IM"]
[WhiteElo "2626"]
[BlackElo "2437"]
[WhiteFideId "13402935"]
[BlackFideId "32010311"]
[EventDate "2024.11.08"]

1. e4 e5 2. Nf3 Nc6 3. Bb5 Nf6 4. d3 Bc5 5. Ba4 O-O 6. O-O d6 7. c3 Bb6 8. Nbd2
Ne7 9. Nc4 Ng6 10. Re1 h6 11. d4 c6 12. Bc2 Bc7 13. h3 Re8 14. Be3 Be6 15. Ncd2
Qb8 16. Qb1 Nh5 17. Bd3 Nhf4 18. Bf1 Qc8 19. Qd1 f5 20. dxe5 dxe5 21. Nh2 Rd8
22. Qc2 Qd7 23. Red1 fxe4 24. Nxe4 Qf7 25. Nc5 Bf5 26. Qb3 Nd5 27. Qxb7 e4 28.
Qxc6 Rac8 29. Qb5 Nxe3 30. Rxd8+ Rxd8 31. fxe3 Qe7 32. Na6 Be5 33. Qe2 Qg5 34.
Ng4 Bxg4 35. Qxg4 Qxe3+ 36. Kh1 Nf4 37. Nb4 Rf8 38. Nc6 Bf6 39. Bc4+ Kh8 40. Rf1
Nd3 41. Qf5 Qg3 42. Qxe4 Nf2+ 43. Rxf2 Qxf2 44. Bd3 g6 45. Qxg6 Qe1+ 46. Kh2
Be5+ 47. Nxe5 Qxe5+ 48. Kh1 Qe1+ 49. Kh2 Qe5+ 50. Kh1 1/2-1/2

[Event "24th ch-EUR Indiv 2024"]
[Site "Petrovac MNE"]
[Date "2024.11.11"]
[Round "4.42"]
[White "Donchenko, Alexander"]
[Black "Peyrer, Konstantin"]
[Result "1-0"]
[WhiteTitle "GM"]
[BlackTitle "IM"]
[WhiteElo "2617"]
[BlackElo "2437"]
[WhiteFideId "24603295"]
[BlackFideId "1640879"]
[EventDate "2024.11.08"]

1. e4 e5 2. Nf3 Nc6 3. Bc4 Nf6 4. d3 d5 5. exd5 Nxd5 6. O-O Nb6 7. Bb5 Bd6 8.
Nxe5 Bxe5 9. Bxc6+ bxc6 10. Re1 Qe7 11. Kh1 Bb7 12. f4 O-O-O 13. Rxe5 Qh4 14.
Qe1 Qxe1+ 15. Rxe1 Rhe8 16. Bd2 c5 17. Nc3 c4 18. d4 Rxe1+ 19. Rxe1 Rxd4 20. Re2
Bc6 21. Be3 Rd7 22. Kg1 Kb7 23. Bd2 f5 24. Kf2 Nd5 25. Nxd5 Bxd5 26. Bc3 Be4 27.
Ke3 c5 28. Kf2 g6 29. Kg3 Rd1 30. Kh4 Kc6 31. Kg5 Kd7 32. Kh6 Ke6 33. Kxh7 Kf7
34. h4 Rg1 35. Rd2 Rxg2 36. Rd7+ Ke6 37. Rxa7 Rg4 38. Ra6+ Kd5 39. Be5 Rxh4+ 40.
Kxg6 Bxc2 41. a4 Rh1 42. a5 Ra1 43. Kf6 Ra4 44. Ke7 c3 45. bxc3 Bd3 46. Ra7 Kc6
47. Rd7 Be4 48. Rd6+ Kb7 49. Rb6+ Ka7 50. Rb5 Rc4 51. Rb6 Ra4 52. Bb8+ Ka8 53.
Kd7 Rxa5 54. Kc8 Ra3 55. Bd6 Ra5 56. Bb8 Ra3 57. Bd6 Ra5 58. Bc7 Ra4 59. Rb5 Ka7
60. Rxc5 Bb7+ 61. Kd7 Be4 62. Rb5 Bd3 63. Rd5 Be4 64. Rb5 Bd3 65. Rb2 Ra1 66.
Be5 Rb1 67. Rd2 Be4 68. c4 Kb7 69. c5 Bf3 70. Rd6 Rc1 71. Rb6+ Ka7 72. Bb8+ Ka8
73. Bd6 Ka7 74. Kc8 Ra1 75. Bb8+ Ka8 76. Be5 Ra5 77. c6 Ka7 78. Rb3 Bxc6 79.
Bd4+ Ka6 80. Rb6+ Ka7 81. Rxc6+ Ka8 82. Be5 Ra7 83. Rf6 Rf7 84. Ra6+ 1-0

[Event "24th ch-EUR Indiv 2024"]
[Site "Petrovac MNE"]
[Date "2024.11.11"]
[Round "4.43"]
[White "Bartel, Mateusz"]
[Black "Druska, Juraj"]
[Result "1-0"]
[WhiteTitle "GM"]
[BlackTitle "IM"]
[WhiteElo "2613"]
[BlackElo "2433"]
[WhiteFideId "1112635"]
[BlackFideId "14915650"]
[EventDate "2024.11.08"]

1. e4 d6 2. Nc3 Nf6 3. f4 c5 4. Nf3 Nc6 5. Bb5 Bd7 6. a4 g6 7. O-O Bg7 8. d3 O-O
9. h3 Nd4 10. Be3 Bxb5 11. axb5 Nd7 12. Qd2 e6 13. Qf2 Qb6 14. f5 exf5 15. Nd5
Nxf3+ 16. Qxf3 fxe4 17. Qxe4 Qd8 18. c3 Ne5 19. d4 f5 20. Qc2 Nc4 21. Bf2 cxd4
22. cxd4 Rc8 23. Rxa7 Rf7 24. Re1 Ne3 25. Qb3 f4 26. Nxf4 Nc2 27. Rxb7 Qf6 28.
Ree7 Rf8 29. Rxf7 Rxf7 30. Rxf7 Qxf7 31. Qxc2 1-0

[Event "24th ch-EUR Indiv 2024"]
[Site "Petrovac MNE"]
[Date "2024.11.11"]
[Round "4.44"]
[White "Petrosyan, Manuel"]
[Black "Juhasz, Agoston"]
[Result "1-0"]
[WhiteTitle "GM"]
[BlackTitle "IM"]
[WhiteElo "2612"]
[BlackElo "2432"]
[WhiteFideId "13300857"]
[BlackFideId "778346"]
[EventDate "2024.11.08"]

1. Nf3 Nf6 2. c4 e6 3. d4 d5 4. g3 Bb4+ 5. Bd2 Be7 6. Bg2 O-O 7. O-O c6 8. Qc2
Nbd7 9. Bf4 Ne4 10. h4 f5 11. Nbd2 h6 12. Ne5 Nxe5 13. Bxe5 Nxd2 14. Qxd2 Bf6
15. Bxf6 Qxf6 16. e3 g5 17. hxg5 hxg5 18. Rac1 Rf7 19. f4 Bd7 20. Kf2 Rg7 21.
Bf3 gxf4 22. gxf4 Rf8 23. Rh1 Rff7 24. Qa5 a6 25. Qc7 Be8 26. Qb8 Rf8 27. Qd6
Qe7 28. Qxe7 Rxe7 29. c5 Rg7 30. Ke2 Rg3 31. Rh6 Rg6 32. Rh2 Rg7 33. Kd2 Rg3 34.
Rf1 Kg7 35. Kc3 Rh8 36. Rxh8 Kxh8 37. Kb4 Kg8 38. Ka5 Rh3 39. Rf2 Kf8 40. Kb6
Rh7 41. b4 Bg6 42. a4 Be8 43. a5 Bg6 44. Rg2 Be8 45. Rg3 Rh2 46. Bg2 Rh7 47. Bf3
Rh2 48. Kxb7 Rb2 49. Kc7 Ke7 50. Rh3 Rxb4 51. Be2 Ra4 52. Bxa6 Rxa5 53. Bb7 Ra7
54. Kb6 Ra3 55. Bxc6 Rb3+ 56. Kc7 Bf7 57. Ba4 Ra3 58. Bd1 Rd3 59. Bh5 e5 60.
Bxf7 exf4 61. Bxd5 fxe3 62. Rh7+ Kf6 63. Rf7+ Kg5 64. Re7 Rxd4 65. Kd6 f4 66. c6 1-0

[Event "24th ch-EUR Indiv 2024"]
[Site "Petrovac MNE"]
[Date "2024.11.11"]
[Round "4.45"]
[White "Radovanovic, Nikola"]
[Black "Lagarde, Maxime"]
[Result "1/2-1/2"]
[WhiteTitle "IM"]
[BlackTitle "GM"]
[WhiteElo "2443"]
[BlackElo "2606"]
[WhiteFideId "900087"]
[BlackFideId "662399"]
[EventDate "2024.11.08"]

1. e4 c5 2. Nf3 Nc6 3. Bb5 e6 4. Bxc6 bxc6 5. d3 Qc7 6. O-O Ne7 7. Qe2 Ng6 8. h4
h5 9. e5 f6 10. Re1 Nxe5 11. Nxe5 Qxe5 12. Qxe5 fxe5 13. Rxe5 d6 14. Re1 Be7 15.
g3 e5 1/2-1/2

[Event "24th ch-EUR Indiv 2024"]
[Site "Petrovac MNE"]
[Date "2024.11.11"]
[Round "4.46"]
[White "Gretarsson, Helgi Ass"]
[Black "Fressinet, Laurent"]
[Result "0-1"]
[WhiteTitle "GM"]
[BlackTitle "GM"]
[WhiteElo "2441"]
[BlackElo "2605"]
[WhiteFideId "2300699"]
[BlackFideId "608742"]
[EventDate "2024.11.08"]

1. c4 Nf6 2. Nc3 g6 3. d4 Bg7 4. Bg5 h6 5. Bh4 c5 6. d5 d6 7. e3 Qa5 8. Qd2 a6
9. Bd3 b5 10. cxb5 O-O 11. Nge2 Nbd7 12. bxa6 Ne5 13. Bb5 g5 14. Bg3 Ne4 15.
Nxe4 Qxb5 16. Bxe5 Bxe5 17. N4c3 Qb4 18. O-O Bxa6 19. Rfc1 Qh4 20. f4 gxf4 21.
exf4 Bg7 22. Ng3 f5 23. Rc2 Rab8 24. Re1 Rb4 25. Nce2 Kh8 26. Kh1 Qg4 27. a3 Rb3
28. Nc3 Bf6 29. Nd1 Rd3 30. Qc1 Rxg3 31. hxg3 Qxg3 32. Nf2 Rg8 33. Nh3 Bb7 34.
Qe3 Qh4 35. Qf2 Rg3 36. Re3 Rxe3 37. Qxe3 Bxd5 38. Rd2 Be4 39. Kg1 Qg4 40. Kh2
c4 41. Qg3 Qh5 42. a4 d5 43. a5 d4 44. a6 Bh4 45. Qa3 Qg4 46. a7 Ba8 47. Qa1
Qg3+ 48. Kg1 Qe3+ 49. Rf2 d3 50. Qa5 Bxf2+ 51. Nxf2 Qc1+ 52. Kh2 Qxf4+ 53. Kg1
Qg5 54. Qd8+ Qg8 55. Qxg8+ Kxg8 56. Nd1 f4 57. Nc3 e5 58. Kf1 e4 59. Na4 e3 60.
Nb6 d2 61. Ke2 Bxg2 0-1

[Event "24th ch-EUR Indiv 2024"]
[Site "Petrovac MNE"]
[Date "2024.11.11"]
[Round "4.47"]
[White "Tomczak, Jacek"]
[Black "Culum, Sanjin"]
[Result "1/2-1/2"]
[WhiteTitle "GM"]
[BlackTitle "FM"]
[WhiteElo "2593"]
[BlackElo "2432"]
[WhiteFideId "1124668"]
[BlackFideId "14420937"]
[EventDate "2024.11.08"]

1. e4 c5 2. Nf3 Nc6 3. Bb5 g6 4. O-O Bg7 5. c3 Nf6 6. Re1 O-O 7. d4 d5 8. e5 Ne4
9. Be3 cxd4 10. cxd4 Qb6 11. Bxc6 bxc6 12. Qc1 Rb8 13. b3 a5 14. Nfd2 Nxd2 15.
Nxd2 Bf5 16. h3 f6 17. Qc3 Rbc8 18. Rac1 Qb4 19. exf6 Bxf6 20. g4 Bd7 21. Kg2
Rfe8 22. Nf3 c5 23. Qxb4 axb4 24. Bd2 cxd4 25. Rxc8 Bxc8 26. Ne5 Ba6 27. g5 Bg7
28. Bxb4 d3 29. f4 Rc8 30. Nf3 Rc2+ 31. Kg3 Bf8 32. Re5 Bb7 33. Re3 Ba6 34. Re5
Bb7 35. Re3 Ba6 36. Re5 1/2-1/2

[Event "24th ch-EUR Indiv 2024"]
[Site "Petrovac MNE"]
[Date "2024.11.11"]
[Round "4.48"]
[White "Petrovskyi, Vadym"]
[Black "Lupulescu, Constantin"]
[Result "0-1"]
[WhiteTitle "IM"]
[BlackTitle "GM"]
[WhiteElo "2433"]
[BlackElo "2591"]
[WhiteFideId "14165210"]
[BlackFideId "1207822"]
[EventDate "2024.11.08"]

1. e4 c6 2. d4 d5 3. Nc3 dxe4 4. Nxe4 Nf6 5. Nxf6+ exf6 6. Bc4 Bd6 7. Qe2+ Be7
8. Be3 O-O 9. O-O-O b5 10. Bb3 a5 11. a3 a4 12. Ba2 b4 13. d5 Qc7 14. axb4 Bxb4
15. Qc4 Bd6 16. Nf3 c5 17. Nd2 a3 18. b4 Nd7 19. Ne4 Nb6 20. Qe2 cxb4 21. Bd4
Bf5 22. g4 Bxe4 23. Qxe4 Na4 0-1

[Event "24th ch-EUR Indiv 2024"]
[Site "Petrovac MNE"]
[Date "2024.11.11"]
[Round "4.49"]
[White "Bryakin, Mikhail"]
[Black "Jobava, Baadur"]
[Result "0-1"]
[WhiteTitle "GM"]
[BlackTitle "GM"]
[WhiteElo "2435"]
[BlackElo "2587"]
[WhiteFideId "4165314"]
[BlackFideId "13601520"]
[EventDate "2024.11.08"]

1. d4 d5 2. c4 dxc4 3. Nf3 Nf6 4. e3 Bg4 5. Bxc4 e6 6. h3 Bh5 7. Nc3 Nc6 8. Bb5
Be7 9. Qa4 Bxf3 10. gxf3 O-O 11. Bxc6 bxc6 12. Qxc6 Rb8 13. b3 Nd5 14. Nxd5 exd5
15. Bd2 Rb6 16. Qc2 Bh4 17. Ba5 Re6 18. O-O-O Qf6 19. Qe2 c5 20. Bc3 Rb8 21. Rd2
Reb6 22. Rb2 c4 23. bxc4 Rxb2 24. Bxb2 dxc4 25. Bc3 Qg6 26. Kd2 Bxf2 27. Rf1 Qa6
28. Ra1 Bh4 29. Qh2 Re8 30. Qg2 Qa3 31. Qg1 g6 32. e4 Rb8 33. e5 Be7 34. Rc1
Rb2+ 35. Ke3 Rxa2 36. f4 Bb4 37. Qe1 Rh2 38. Ke4 Rxh3 39. f5 Bxc3 40. Qf1 Rh4+ 0-1